Representations of quantum algebras and combinatorics of Young tableaux
Saved in:
| Main Author: | |
|---|---|
| Format: | Book |
| Language: | English Japanese |
| Published: |
Providence, R.I. :
American Mathematical Society,American Mathematical Society,
c2002.
|
| Series: | University lecture series ;
26 |
| Subjects: | |
| Tags: |
Add Tag
No Tags, Be the first to tag this record!
|
MARC
| LEADER | 00000nam a2200000 a 4500 | ||
|---|---|---|---|
| 001 | 1/111176 | ||
| 008 | 160627t2002####riu| ||| |||| ||eng|| | ||
| 020 | |a 9780821832325 | ||
| 020 | |a 0821832328 | ||
| 040 | |a GR-MyUa |b gre |c GR-MyUa |e AACR2 | ||
| 041 | 1 | |a eng |h jpn | |
| 082 | 7 | |a 530.143 |2 (23) | |
| 100 | 1 | |a Ariki, Susumu |d 1959- | |
| 245 | 1 | 0 | |a Representations of quantum algebras and combinatorics of Young tableaux / |c Susumu Ariki. |
| 260 | |a Providence, R.I. : |b American Mathematical Society,American Mathematical Society, |c c2002. | ||
| 300 | |a vii, 158 σ. ; |c 26 εκ. | ||
| 490 | ? | |a (Univerity lecture series) ; |v 26 | |
| 504 | |a Βιβλιογραφία: σ. 149-155. Ευρετήριο. | ||
| 650 | 0 | |a Representations of quantum groups. | |
| 650 | 0 | |a Bases (Linear topological spaces) | |
| 650 | 0 | |a Young tableaux. | |
| 830 | 0 | |a University lecture series ; |v 26 | |
| 852 | |a INST |b SAMOS |e 20160627 |h 530.143 ARI |p 005300043658 |q 005300043658 |t BK |y 0 | ||
| 922 | |a 3ΕΛΗ |b 201606 |c Τμήμα Μαθηματικών |d Διαδρομές | ||
| 970 | |a Κοσιέρης |b Χρήστος |z 27-06-2016 | ||